| 000 | 01115cam a2200277 a 4500 | ||
|---|---|---|---|
| 999 |
_c127356 _d127356 |
||
| 001 | 1021485 | ||
| 003 | ARRUPE | ||
| 005 | 20180111122345.0 | ||
| 008 | 880831s1989 enk 001 0 eng | ||
| 010 | _a 88028535 | ||
| 020 | _a0521363845 | ||
| 040 |
_aDLC _cDLC _dDLC |
||
| 050 | 0 | 0 |
_aJC257.C6 _bB68 1989 |
| 082 | 0 | 0 |
_a320/.092/4 _219 |
| 100 | 1 |
_aBoucher, David, _d1951- _938389 |
|
| 245 | 1 | 4 |
_aThe social and political thought of R.G. Collingwood / _cDavid Boucher. |
| 260 |
_aCambridge ; _aNew York : _bCambridge University Press, _c1989. |
||
| 300 |
_axi, 300 p. ; _c24 cm. |
||
| 504 | _aIncludes bibliographical references (p. 244-294). | ||
| 600 | 1 | 0 |
_aCollingwood, R. G. _q(Robin George), _d1889-1943. _923936 |
| 856 | 4 | 1 |
_3Sample text _uhttp://www.loc.gov/catdir/samples/cam031/88028535.html |
| 856 | 4 | 2 |
_3Publisher description _uhttp://www.loc.gov/catdir/description/cam023/88028535.html |
| 856 | 4 | 1 |
_3Table of contents _uhttp://www.loc.gov/catdir/toc/cam029/88028535.html |
| 906 |
_a7 _bcbc _corignew _d1 _eocip _f19 _gy-gencatlg |
||
| 942 |
_2lcc _cMONOGRAPH |
||